|
|
|
|
| LEADER |
00000nas a22000007a 4500 |
| 001 |
ssj0001332 |
| 003 |
WaSeSS |
| 005 |
20200512172242.0 |
| 006 |
m d |
| 007 |
cr n |
| 008 |
050614c19739999ncuqr pss 0 a0eng d |
| 010 |
|
|
|a 2007214812
|
| 015 |
|
|
|a GBB3B7302
|2 bnb
|
| 016 |
7 |
|
|a 012401648
|2 Uk
|
| 016 |
|
|
|a 012401648
|
| 016 |
7 |
|
|a 016565819
|2 Uk
|
| 016 |
7 |
|
|a 2067350-4
|2 DE-600
|
| 022 |
|
|
|a 1940-2325
|l 0091-5521
|y 0091-5521
|
| 035 |
|
|
|a (WaSeSS)ssj0001332
|
| 040 |
|
|
|a OCLCS
|b eng
|c OCLCS
|d MUQ
|d OCL
|d NSD
|d OCLCQ
|d DLC
|d OCLCE
|d MUX
|d UKMGB
|d OCLCO
|d OCLCQ
|d OCLCF
|d OCLCO
|d OCLCQ
|d CUD
|d VT2
|d OCLCQ
|d ZAC
|d NLE
|d U3W
|d WYU
|d UUM
|d WaSeSS
|
| 042 |
|
|
|a nsdp
|a dlr
|
| 043 |
|
|
|a n-us---
|
| 050 |
1 |
4 |
|a LB2328
|b .C69
|
| 082 |
0 |
4 |
|a 378.1/543/0973
|
| 130 |
0 |
|
|a Community college review (Online)
|
| 222 |
|
0 |
|a Community college review
|b (Online)
|
| 245 |
1 |
0 |
|a Community college review
|h [electronic resource].
|
| 246 |
1 |
3 |
|a CCR
|f 1978-
|
| 260 |
|
|
|a [Raleigh, N.C.] :
|b [North Carolina State University]
|
| 310 |
|
|
|a Quarterly
|
| 362 |
1 |
|
|a Print began with vol. 1 (Apr. 1973).
|
| 506 |
|
|
|a License restrictions may limit access.
|
| 538 |
|
|
|a Master and use copy. Digital master created according to Benchmark for Faithful Digital Reproductions of Monographs and Serials, Version 1. Digital Library Federation, December 2002.
|u http://purl.oclc.org/DLF/benchrepro0212
|5 MiAaHDL
|
| 538 |
|
|
|a Mode of access: World Wide Web.
|
| 555 |
|
|
|a Vols. 1-25, 1973-98. 1 v.
|
| 583 |
1 |
|
|a digitized
|c 2010
|h HathiTrust Digital Library
|l committed to preserve
|5 MiAaHDL
|2 pda
|
| 588 |
|
|
|a Description based on print version record.
|
| 588 |
|
|
|a Latest issue consulted: Vol. 34, no. 2 (Oct. 2006); viewed publisher's Web site Sept. 28, 2007.
|
| 650 |
|
0 |
|a Community colleges
|z United States
|v Periodicals.
|
| 650 |
|
6 |
|a Collèges communautaires
|z États-Unis
|v Périodiques.
|
| 650 |
|
7 |
|a Community colleges.
|2 fast
|0 (OCoLC)fst00870755
|
| 651 |
|
7 |
|a United States.
|2 fast
|0 (OCoLC)fst01204155
|
| 655 |
|
0 |
|a Electronic journals.
|
| 710 |
2 |
|
|a North Carolina State University.
|
| 776 |
1 |
|
|t Community college review
|x 0091-5521
|w (DLC) 73644969
|w (OCoLC)932486
|
| 856 |
4 |
0 |
|z Full text available from Research Library: 12/01/1998 to 10/31/2017
|u https://search.proquest.com/publication/7553
|